Моделирование поворотных устройств машинных агрегатов; Известия Томского политехнического университета [Известия ТПУ]; Т. 316, № 2: Математика и механика. Физика
| Parent link: | Известия Томского политехнического университета [Известия ТПУ]/ Томский политехнический университет (ТПУ).— , 2000- Т. 316, № 2: Математика и механика. Физика.— 2010.— [С. 15-19] |
|---|---|
| Հիմնական հեղինակ: | |
| Այլ հեղինակներ: | |
| Ամփոփում: | Заглавие с титульного листа Электронная версия печатной публикации Динамическая модель машинного агрегата рассмотрена на примере привода поворота шпиндельного блока станка. Для передачи движения и усилий в приводе применяются цилиндрическая зубчатая и червячная передачи, мальтийский механизм и планетарный характер движения звеньев. Рассмотрена и учитывается нелинейная зависимость динамических характеристик мальтийского механизма от угла поворота кривошипа. Осуществляется расчет мощности двигателя, необходимой для поворота ведомого звена мальтийского механизма - шпиндельного блока. Проведена оценка мощности от характера движения шпинделей. Даны рекомендации по уменьшению необходимых усилий. |
| Լեզու: | ռուսերեն |
| Հրապարակվել է: |
2010
|
| Շարք: | Математика и механика. Физика |
| Խորագրեր: | |
| Առցանց հասանելիություն: | http://www.lib.tpu.ru/fulltext/v/Bulletin_TPU/2010/v316/i2/03.pdf |
| Ձևաչափ: | Էլեկտրոնային Գրքի գլուխ |
| KOHA link: | https://koha.lib.tpu.ru/cgi-bin/koha/opac-detail.pl?biblionumber=182457 |
MARC
| LEADER | 00000nla2a2200000 4500 | ||
|---|---|---|---|
| 001 | 182457 | ||
| 005 | 20231031171314.0 | ||
| 035 | |a (RuTPU)RU\TPU\book\197792 | ||
| 035 | |a RU\TPU\book\197791 | ||
| 090 | |a 182457 | ||
| 100 | |a 20100621d2010 k y0rusy50 ca | ||
| 101 | 0 | |a rus | |
| 102 | |a RU | ||
| 135 | |a drnn ---uucaa | ||
| 181 | 0 | |a i | |
| 182 | 0 | |a b | |
| 200 | 1 | |a Моделирование поворотных устройств машинных агрегатов |b Электронный ресурс |f И. К. Битуев, Б. И. Павлов | |
| 203 | |a Текст |c электронный | ||
| 215 | |a 1 файл (272 Кб) | ||
| 225 | 1 | |a Математика и механика. Физика | |
| 230 | |a Электронные текстовые данные (1 файл : 272 Кб) | ||
| 300 | |a Заглавие с титульного листа | ||
| 300 | |a Электронная версия печатной публикации | ||
| 320 | |a [Библиогр.: с. 19 (6 назв.)] | ||
| 330 | |a Динамическая модель машинного агрегата рассмотрена на примере привода поворота шпиндельного блока станка. Для передачи движения и усилий в приводе применяются цилиндрическая зубчатая и червячная передачи, мальтийский механизм и планетарный характер движения звеньев. Рассмотрена и учитывается нелинейная зависимость динамических характеристик мальтийского механизма от угла поворота кривошипа. Осуществляется расчет мощности двигателя, необходимой для поворота ведомого звена мальтийского механизма - шпиндельного блока. Проведена оценка мощности от характера движения шпинделей. Даны рекомендации по уменьшению необходимых усилий. | ||
| 337 | |a Adobe Reader | ||
| 461 | 1 | |0 (RuTPU)RU\TPU\book\176237 |t Известия Томского политехнического университета [Известия ТПУ] |f Томский политехнический университет (ТПУ) |d 2000- | |
| 463 | 1 | |0 (RuTPU)RU\TPU\book\196538 |x 1684-8519 |t Т. 316, № 2: Математика и механика. Физика |v [С. 15-19] |d 2010 |p 154 с. | |
| 610 | 1 | |a механизм периодического поворота | |
| 610 | 1 | |a мальтийский механизм | |
| 610 | 1 | |a динамическая мощность | |
| 610 | 1 | |a динамические нагрузки | |
| 610 | 1 | |a электронный ресурс | |
| 610 | 1 | |a поворотные устройства | |
| 610 | 1 | |a цилиндрические передачи | |
| 610 | 1 | |a зубчатые передачи | |
| 610 | 1 | |a червячные передачи | |
| 610 | 1 | |a шпиндели | |
| 610 | 1 | |a моделирование | |
| 610 | 1 | |a машинные агрегаты | |
| 700 | 1 | |a Битуев |b И. К. | |
| 701 | 1 | |a Павлов |b Б. И. | |
| 801 | 1 | |a RU |b 63413507 |c 20090623 |g PSBO | |
| 801 | 2 | |a RU |b 63413507 |c 20211222 |g PSBO | |
| 856 | 4 | |u http://www.lib.tpu.ru/fulltext/v/Bulletin_TPU/2010/v316/i2/03.pdf | |
| 942 | |c CF | ||